[Event "Berliner Sommer 11th"]
[Site "Berlin"]
[Date "1993.??.??"]
[Round "8"]
[White "Agrest, Evgenij"]
[Black "Muse, Mladen"]
[Result "1-0"]
[WhiteElo "2465"]
[BlackElo "2485"]
[Annotator "Agrest,E"]
[PlyCount "71"]
[EventDate "1993.08.??"]
[EventType "swiss"]
[EventRounds "9"]
[EventCountry "GER"]
[SourceTitle "CBM 040"]
[Source "ChessBase"]
[SourceDate "1994.06.01"]
[SourceVersion "1"]
[SourceVersionDate "1994.06.01"]
[SourceQuality "1"]

1. d4 Nf6 2. c4 g6 3. Nc3 d5 4. cxd5 Nxd5 5. e4 Nxc3 6. bxc3 Bg7 7. Nf3 O-O 8.
Be2 c5 9. Rb1 Nc6 10. d5 Ne5 11. Nxe5 Bxe5 12. Qd2 e6 13. f4 Bg7 14. c4 Rb8
$146 (14... b6 15. Bb2 Bxb2 16. Rxb2 Ba6 17. O-O exd5 18. exd5 $1 $146 (18.
cxd5) 18... f5 19. Rb3 Qf6 20. Ra3 $1 Bb7 21. Re1 Rfe8 22. Re3 $1 {<->e, ()}
Re4 $2 23. Rxe4 fxe4 24. Bg4 $1 $18 {Agrest,E-Berebora,F/Austria/1993/}) 15.
Bb2 e5 16. O-O Qd6 17. Qc3 $1 Re8 (17... f6 18. fxe5 fxe5 (18... Qxe5 $2 19.
Qxe5 fxe5 20. Rxf8+ Kxf8 21. Ba3 $18) 19. Rxf8+ Qxf8 20. Qa5 $16) 18. f5 $1 Bd7
(18... g5 19. f6 $1 Bxf6 20. Bh5 $1 $40) 19. Qf3 a6 20. f6 Bh6 (20... Bf8 21.
h4 $1 $40) 21. Bc1 Bxc1 22. Rbxc1 b5 23. Qe3 Kh8 24. h4 $1 $40 bxc4 (24... b4
$142) 25. Bxc4 Bb5 26. Bxb5 Rxb5 27. a4 Rb2 (27... Ra5 28. Rc4 Qd7 29. Ra1 $18
{xRa5}) (27... Rb4 28. Qxc5 $1 Qxc5+ 29. Rxc5 Rxe4 30. Rd1 $3 $18) 28. Rxc5 Qd7
29. Rfc1 Rg8 $8 (29... Qg4 30. Qf3 Qxh4 31. d6 $1 $18) (29... Qxa4 30. Qh6 Rg8
31. Rc8) 30. Qg5 $1 $18 Qd6 31. Rc6 Qb8 32. a5 $1 {(.)} Rb1 33. Kh2 Rxc1 34.
Qxc1 g5 $138 35. hxg5 h6 36. g6 $1 1-0

[Event "World Cup"]
[Site "Reykjavik"]
[Date "1991.??.??"]
[Round "5"]
[White "Seirawan, Yasser"]
[Black "Ehlvest, Jaan"]
[Result "1/2-1/2"]
[WhiteElo "2615"]
[BlackElo "2605"]
[Annotator "Anand,V"]
[PlyCount "55"]
[EventDate "1991.09.??"]
[EventType "tourn"]
[EventRounds "15"]
[EventCountry "ISL"]
[EventCategory "16"]
[SourceTitle "CBM 026"]
[Source "ChessBase"]
[SourceDate "1992.02.01"]
[SourceVersion "1"]
[SourceVersionDate "1992.02.01"]
[SourceQuality "1"]

1. d4 Nf6 2. c4 g6 3. Nc3 d5 4. cxd5 Nxd5 5. e4 Nxc3 6. bxc3 Bg7 7. Be3 c5 8.
Qd2 Qa5 9. Nf3 Nc6 10. Rc1 cxd4 11. cxd4 Qxd2+ 12. Kxd2 O-O 13. Bb5 f5 14. exf5
Rxf5 $1 (14... Bxf5 15. Bxc6 bxc6 16. Rxc6 {Seirawan,Y-Olafsson,H Waz 1991} Be4
) 15. Bc4+ (15. Bxc6 bxc6 16. Rxc6 Ra5 $132) 15... Kh8 16. Rhd1 Rf8 17. d5 (17.
Bb3 Bg4 $10) 17... Na5 18. Bb5 Bg4 19. Ke2 a6 20. Bd3 Rad8 21. Be4 Rc8 22. h3
Bd7 23. Nd4 Nc4 24. Ne6 Nxe3 25. fxe3 Rxc1 26. Rxc1 Rc8 27. Rxc8+ Bxc8 28. Kd3
1/2-1/2

[Event "Bundesliga 1314"]
[Site "Germany"]
[Date "2013.12.15"]
[Round "6.2"]
[White "Schenk, Andreas"]
[Black "Areshchenko, Alexander"]
[Result "0-1"]
[WhiteElo "2489"]
[BlackElo "2714"]
[Annotator "Areshchenko/Meyer,CD"]
[PlyCount "72"]
[EventDate "2013.10.12"]
[EventType "team-tourn"]
[EventRounds "15"]
[EventCountry "GER"]
[SourceTitle "CBM 158"]
[Source "ChessBase"]
[SourceDate "2014.01.16"]
[SourceVersion "1"]
[SourceVersionDate "2014.01.16"]
[SourceQuality "1"]
[WhiteTeam "Bayern Muenchen"]
[BlackTeam "Werder Bremen"]
[WhiteTeamCountry "GER"]
[BlackTeamCountry "GER"]
[WhiteClock "0:03:28"]
[BlackClock "0:00:41"]

1. d4 Nf6 2. c4 g6 3. Nc3 d5 4. cxd5 Nxd5 5. e4 Nxc3 6. bxc3 Bg7 7. Nf3 c5 8.
Bb5+ {Neben dem weit ausanalysierten und erfolgreichen 8.Rb1 sowie dem
flexiblen 8.Be3 ist dieses Läuferschach eine nicht seltene, relativ harmlose
Fortsetzung in der Abtauschvariante der Grünfeld-Indischen Verteidigung ("a
drawish variation", AA) - auf Großmeister-Ebene indes eher mit durchwachsenen
Resultaten.} Nc6 (8... Bd7 9. Bxd7+ Nxd7 (9... Qxd7) 10. O-O O-O 11. Rb1 (11.
Bg5 h6 12. Bh4 cxd4 13. cxd4 Nb6 14. Rc1 Qd7 15. Ne5 Bxe5 16. dxe5 Qe6 17. Rc7
Rfd8 18. Qc1 g5 19. Bg3 Rac8 $13 {/=, remis/51, Kryakvin,D (2573) -Novik,M 
(2451), St. Petersburg 2013}) 11... Qc7 12. e5 Nb6 13. Qb3 Rfd8 14. dxc5 (14.
Ng5 $142 $5 $14) 14... Qxc5 15. Be3 Qd5 $13 {/=, remis/34, Ragger,M (2561) -
Areshchenko,A (2667), Germany 2010}) 9. O-O O-O ({Die Hauptvariante lautet} 
9... cxd4 10. cxd4 O-O 11. Be3 Bg4 12. Bxc6 bxc6 13. Rc1 {mit gleichen Chancen,
z.B.} Qa5 14. Qd2 (14. Rxc6 Qxa2 15. Rc7 Qe6 16. h3 Qd6 17. Rc5 Bxf3 18. Qxf3
a5 19. e5 Qd7 20. Ra1 a4 $11 {remis/26, I. Sokolov - P. Leko, Sarajevo 1999})
14... Qxd2 15. Nxd2 Rfd8 16. Nb3 a5 17. Rxc6 a4 18. Nc5 Bxd4 19. Bxd4 Rxd4 $11
{remis/32, Bruzon Batista,L (2699) - Dominguez Perez,L (2757), Linares 2013})
10. Be3 Bg4 ({Oder: I} 10... Qa5 11. Qa4 $5 $13) ({II} 10... cxd4 11. cxd4 Bg4
{geht unter Zugumstellung wieder über zur Hauptvariante, deren Resultate laut
ChessBase-Statistik im Vergleich zu unserem Partiezug allerdings ungünstig für
Schwarz sind.}) 11. dxc5 $5 {Indem Weiß sein Bauernzentrum freiwillig auflöst,
hofft er, mit der Stellungsöffnung unkomplizierteres Spiel zu erlangen.} ({
Oder z.B.: I} 11. d5 Ne5 12. Be2 Nxf3+ 13. Bxf3 Bxf3 14. Qxf3 Qa5 $13 {/=} (
14... Bxc3 $13 {/=})) ({II} 11. Bxc6 bxc6 12. Rc1 Qa5 13. Qe2 Rfd8 14. Rfd1
Bxf3 (14... Qa4 15. Rd2 (15. h3 $142 Bxf3 16. gxf3) 15... e5 16. Bg5 $6 (16.
Qd1 Qxd1+ 17. Rcxd1 $13 {/=}) 16... Rd7 (16... f6 $142) 17. dxe5 $13 {0:1/45,
Shulman,Y (2542) - Wang,Y (2705), Ningbo 2013}) 15. gxf3 cxd4 16. cxd4 Bxd4 17.
Bxd4 (17. Rxc6 Bxe3 18. Rxd8+ Rxd8 19. Qxe3 Qxa2 20. Qc3 $5 $15) 17... Rxd4 18.
Rxd4 Qg5+ 19. Kf1 Qxc1+ 20. Qd1 Qc5 (20... Qf4 $5) 21. Qd2 Rb8 $17 {0:1/48,
Ivanov,M (2403) - Khalifman,A (2642), Minsk 2012}) 11... Qc7 (11... Bxc3 12.
Rb1 Qxd1 13. Rfxd1 Rfd8 $11 {, AA}) 12. h3 $6 {Womöglich eine Neuerung, die
aber keineswegs besser ist als die bekannten Alternativen. Weiß zwingt den
Läufer zur Erklärung und will mit der Dame auf f3 wiedernehmen. Dort steht sie
aber eher ungünstig, überdies plant Schwarz, sowieso auf f3 zu tauschen und
nimmt das Entwicklungstempo mittels Rd8 gerne mit. Alternativen, z.B.:} ({I} 
12. Bxc6 Qxc6 13. Qc2 Bxf3 14. gxf3 f5 $13 {remis/49, Xu,J (2486) - Wang,Y 
(2734), Ningbo 2011}) ({II} 12. Qb3 $143 Bxf3 13. gxf3 Be5 14. h3 Bf4 $15 {
0:1/30, Manor,I (2491) - Sutovsky,E (2695), Israel 2011}) ({III} 12. Rb1 $5 {
an dieser Stelle wohl ebenfalls unerprobt} Rfd8 (12... Rad8 $143 13. Qc1 Bxf3
14. gxf3 Ne5 15. Be2 Nd3 16. Bxd3 Rxd3 17. Rd1 $14 {, AA}) (12... Ne5 13. Be2
Nd7 $1 14. Nd2 (14. Qd5 b6 15. cxb6 axb6 16. Qg5 Bxf3 17. Bxf3 Ne5 18. Bd1 Nc4
19. Bf4 e5 $11) 14... Bxe2 15. Qxe2 Rfd8 $44 {, AA}) (12... Bxc3 13. Qb3 Bg7
14. Bxc6 bxc6 15. Qb7 Rac8 $11 {, AA}) 13. Qc1 $5 Bxf3 14. gxf3 $13) 12... Rad8
(12... Rfd8 $5 13. Qb3 (13. Qe2 $6 Bxf3 14. Qxf3 Bxc3 $15) 13... Bxf3 14. gxf3
Be5 $13 {/=} (14... Ne5 $5 15. Kg2 a6 16. Be2 Nd7 17. Qb4 e6 18. Rab1 Rab8 $132
{, AA})) 13. Qe2 $6 ({Weiß möchte partout seine Bauernstellung am Königsflügel
intakt halten, aber dynamischer war} 13. Qb3 $1 Bxf3 14. gxf3 $13 {, z.B.} Be5
15. Bxc6 bxc6 16. Rab1 Bh2+ (16... Bf4 17. c4 a5 $11) 17. Kg2 Bf4 18. c4 f5 19.
Qb7 fxe4 20. Qxc7 exf3+ 21. Kxf3 Bxc7+ 22. Ke2 Rb8 $11 {, AA}) 13... Bxf3 14.
Qxf3 Bxc3 15. Bf4 $6 ({Danach gerät Weiß ins Hintertreffen, den Vorzug
verdiente} 15. Rab1 $142 $5 {eingedenk diverser taktischer Ideen, z.B.} Nd4 (
15... Bd2 16. Bxc6 Qxc6 17. Rfd1 Bxe3 18. Qxe3 Rxd1+ 19. Rxd1 Rc8 $11) 16. Qg3
$1 Nxb5 (16... Qa5 17. Bh6 $1 Nxb5 18. Rxb5 Qxb5 19. Qxc3 f6 20. Bxf8 Kxf8 21.
e5 Rd3 22. Qa1 Kg7 23. exf6+ exf6 24. Rd1 $11) 17. Rxb5 Qc6 (17... Be5 18. Qf3)
18. Rfb1 Rd7 {"and this position is slightly better for Black", AA/CDM}) 15...
Be5 {Wonach verschiedene Transformationen durchzurechnen und einzuschätzen
sind, was höchste Ansprüche an beide Akteure stellt.} 16. Bxc6 ({Die
alternative Abwicklung ins Schwerfiguren- bzw. Turmendspiel nach} 16. Bxe5 Qxe5
(16... Nxe5 $143 17. Qe3 a6 18. Be2 Nc6 19. Rfd1 Rxd1+ 20. Rxd1 Rd8 $15) 17.
Bxc6 bxc6 18. Qa3 Rd7 19. Rad1 Rfd8 20. Rxd7 Rxd7 $15 {und weiter z.B.} 21. Qa6
Qe6 (21... Rc7 22. Qc4) 22. Qc8+ Kg7 23. f4 Rd4 24. Qxe6 fxe6 25. Rb1 $1 {
/\Rb7 erscheint gerade noch zum Remis ausreichend.}) 16... Bxf4 (16... bxc6 17.
Bxe5 Qxe5 18. Qa3 {ist Zugumstellung zur vorigen Variante.}) 17. Bxb7 Be5 ({
Eine Spur genauer war} 17... Bh2+ $142 18. Kh1 Be5 19. Rab1 Qxc5 $15) 18. Rab1
Qxc5 19. Bd5 ({Und hier hätte Weiß nach} 19. Rfc1 $142 Qa5 20. Bd5 e6 21. Bb3
Rd2 22. Rd1 {weiterhin nur geringfügig schlechter gestanden.}) 19... e6 20.
Rfc1 Qe7 21. Bb3 h5 $5 {Während der weiße Läufer auf Granit beißt, winken dem
schwarzen Antipoden schöne Perspektiven auf den Diagonalen a7-g1 und b8-h2,
zudem Verstärkungen von seinen Schwerfiguren-Kollegen.} 22. Rd1 Bd4 $6 ({
Den Vorzug verdienten: I} 22... h4 $142 23. Qe3 Rxd1+ 24. Rxd1 Rd8 25. Rxd8+
Qxd8 $15 {strebt unverzüglich auf das - analog der Partie - thematische
Endspiel Q+B vs Q+B mit den "ungleichen" Läufern zu. Mit der Partiefortsezung
indes vermeidet Schwarz zwar zunächst weitere Vereinfachung und gibt dem
Gegner mehr Stolpermöglichkeiten, aber räumt ihm auch eine zähe
Verteidigungsmöglichkeit ein.}) ({II} 22... Rxd1+ $142 23. Rxd1 h4 {, AA}) 23.
Rd2 $6 ({Der ebenso subtile wie leicht zu übersehende Verteidigungszug war} 23.
Qf4 $142 $5 {mit folgenden Ideen:} Rd7 (23... g5 24. Qf3 h4 25. Bc2 Be5 $15 {
, AA}) (23... e5 24. Qh6 $1 $132 {, AA}) 24. Ba4 $1 (24. e5 $6 Rfd8) 24... e5
25. Qh6 $132 {und nach Öffnung der Schrägen a2/g8 hat Weiß ausreichendes
Gegenspiel.}) 23... Rd6 $1 24. Rbd1 Rfd8 25. Rc1 (25. g3 $5 h4 26. Kg2 hxg3 27.
fxg3) 25... a5 26. Rc4 (26. g3 $5 h4 27. Kg2 hxg3 28. fxg3 Be5 29. Rxd6 Rxd6
30. Rd1 $15) 26... h4 $1 27. Rd1 Bb6 (27... Kg7 $15 {, AA}) 28. Rxd6 $2 {
Und das ist nach mehreren Ungenauigkeiten bzw. Auslassungen der Fehler, der
die schwarzen Aktivitäten vehement anwachsen lässt.} ({AA/CDM: Notwendig war} 
28. Rcc1 $8 {, um - falls möglich - endlich Entlastung durch Turmtausch zu
finden:} Qg5 (28... Rxd1+ 29. Rxd1 Rxd1+ 30. Qxd1 (30. Bxd1 Qb4) 30... Qb4 31.
Bc2 Qa3 32. Bb3 Qb2 33. Qc2 Qd4 34. Kf1 $15) (28... Bd4 $5 29. Qf4 g5 30. Qf3
Kg7 $15) 29. Rxd6 Rxd6 30. Rd1 Bd4 (30... Rd2 31. Rxd2 Qxd2 32. Kf1 $15) 31.
Qg4 Qf6 32. Qf3 Qe5 33. Qg4 $15) 28... Qxd6 $17 29. Rc1 $6 ({Oder: I} 29. Qf6
Qd2 30. Rc2 Qe1+ 31. Kh2 Qxe4 32. Rc4 Qf5 33. Qxh4 (33. Qxf5 gxf5 $17) 33...
Kg7 $1 $40 {() und der schwarze Angriff rollt:} (33... Qxf2 $6 34. Qxf2 Bxf2
35. Rc2) 34. Bc2 (34. a4 $2 Bxf2 35. Qf4 (35. Qxd8 Qe5+ $19) 35... Rd3 $1 $19)
(34. g4 Qb5 $1 35. Rf4 (35. Qg3 $143 a4 $1 36. Rxa4 Rc8 $1 $19 {/\Rc1 mit
vernichtendem Angriff}) 35... Qe5 36. Qg3 Bc7 37. Rc4 Qxg3+ 38. fxg3 Rd2+ 39.
Kh1 Bxg3 $17) (34. Rf4 Qe5 $1 35. Qg3 Bd4 $1 36. h4 (36. Bc2 f5 $19) 36... Qc5
37. Kh3 a4 38. Bxa4 Be5 39. Rc4 Qxc4 40. Qxe5+ f6 $19) 34... Qe5+ (34... Qxf2
35. Qxf2 Bxf2 $17) 35. Qg3 Qf6 36. Bb3 (36. f4 Rd4 $1 37. Rc6 (37. Rxd4 Qxd4
38. h4 Qg1+ 39. Kh3 Bf2 $17) 37... Ba7 38. Qg5 Qxf4+ 39. Qxf4 Rxf4 $17) 36...
Bxf2 37. Qf4 Qxf4+ 38. Rxf4 Rd2 $17) ({II} 29. Rc2 $2 {verliert auf mehrerlei
Weise, z.B.:} Qe5 (29... Qb4 30. Kh2 (30. Re2 a4 31. Bc2 Rd2 32. a3 Qd4 33.
Rxd2 Qxd2 $19) 30... Rd2 31. Qf4 Rxc2 32. Bxc2 Bc5 $19) 30. a4 Bc5 31. Ra2 (31.
Re2 Qa1+ 32. Kh2 Bd4 33. g3 (33. e5 Bxe5+ 34. g3 Qf1 $19 35. Rxe5 (35. Qe4 Bd4
36. Qxh4 Rb8) 35... Rd2) 33... hxg3+ 34. Qxg3 Be5 35. f4 Qf1 36. Rf2 Rd2 $19)
31... Rd4 32. Re2 Bd6 $19) 29... Qb4 $1 30. Bxe6 $2 {Eine Panikreaktion in
nahezu aussichtsloser Situation.} ({Andere Möglichkeiten: I} 30. a4 $2 Bxf2+
31. Qxf2 Qxb3 {und vermutlich -+}) ({II} 30. Qf4 $2 a4 31. Bc2 e5 $1 (31... Qd2
$143 32. Qxd2 Rxd2 33. Bxa4 Rxf2 34. Rc8+ Kg7 35. Rb8 Rxa2+ 36. Rxb6 Rxa4 37.
e5 Ra5 38. Rb4 g5 39. Re4 Kg6 40. Re1 Ra4 {und vermutlich -+}) 32. Qf6 (32.
Qxe5 Qd2 $19) (32. Qxh4 Rd2 $19 33. Rb1 Qd6) 32... Rd6 33. Qxe5 (33. Qf3 Rd2
$19) 33... Rd2 $19) ({III} 30. Qc3 Qxe4 31. Rd1 Rxd1+ 32. Bxd1 {mag noch das
geringste Übel sein, freilich ebenfalls mit trefflichen Gewinnchancen für
Schwarz, etwa nach dem weiteren} Qf4 $17 (32... e5 $17) (32... a4 $17)) 30...
fxe6 31. Qg4 Kg7 ({Oder auch} 31... Bxf2+ $1 $19 32. Kh1 (32. Kxf2 Qd2+ 33. Kf3
Rd3#) 32... Kh7 (32... Kh8 $143 33. Qxg6) (32... Kg7 33. Rc7+ Kh8 {ist
Zugumstellung zum Text}) 33. Rc7+ (33. Rf1 Bg3 34. Rf7+ Kh6 35. Rf1 Qc4) 33...
Kh8 34. Rc1 Qd2 35. Rf1 Kh7 36. Qxe6 Bg3 {usw.}) 32. Qxe6 (32. Qxh4 Rd2 $19)
32... Bxf2+ $19 (32... Rf8 $19) 33. Kh1 (33. Kh2 Qd6+) 33... Bg3 34. e5 (34.
Rf1 Rf8) 34... Qf4 35. Qe7+ Kh6 36. Rg1 Rd2 {- Weiß gab auf.  Ein Beitrag zum
immergrünen Thema "Schwerfiguren und ungleichfarbige Läufer (Transformationen)
". Der hohe Favorit konnte sich mit gekonnter Strategie und Technik
durchsetzen. Überhaupt war der ukrainische Großmeister Alexander Areshchenko
mit 2 aus 2 Werders Mann des Bundesliga-Wochenendes im Bremer Weserstadion.}
0-1

[Event "RUS-ch"]
[Site "Elista"]
[Date "1994.??.??"]
[Round "2"]
[White "Kiselev, Sergey"]
[Black "Dvoirys, Semen I"]
[Result "0-1"]
[WhiteElo "2460"]
[BlackElo "2535"]
[Annotator "Arkhipov,S"]
[PlyCount "40"]
[EventDate "1994.09.??"]
[EventType "swiss"]
[EventRounds "11"]
[EventCountry "RUS"]
[SourceTitle "CBM 044"]
[Source "ChessBase"]
[SourceDate "1995.02.01"]
[SourceVersion "1"]
[SourceVersionDate "1995.02.01"]
[SourceQuality "1"]

1. d4 Nf6 2. c4 g6 3. Nc3 d5 4. cxd5 Nxd5 5. e4 Nxc3 6. bxc3 c5 (6... Bg7 7.
Bb5+ c6 8. Ba4 $14) 7. Bb5+ Nc6 $5 (7... Bd7 $10) 8. d5 Qa5 9. Qa4 Qxc3+ 10.
Ke2 Bg7 $1 $146 (10... Bd7 $2 11. dxc6 bxc6 12. Bxc6 Rd8 13. Qb3 $3 Qxa1 14.
Bb2 Qb1 15. Nf3 $1 Qxh1 16. Ne5 {Yusupov,A-Morenz,R/Graz/1981/1:0 (22)}) 11.
dxc6 O-O 12. cxb7 $2 (12. Rb1 $1 a6 13. cxb7 Bxb7 14. Bc4 Bc6 (14... Bxe4 15.
Bxf7+ Rxf7 16. Qxe4 $16) 15. Qb3 Bxe4 16. Qxc3 Bxc3 17. Rb3 Bxg2 18. Rxc3 Bxh1
19. f3 Rfd8 20. Be3 Rab8 $14) 12... Bxb7 13. Rb1 c4 $1 14. Bxc4 (14. Qxc4 Qxc4+
15. Bxc4 Bxe4 16. Rb3 Bxg2 $15) 14... Rac8 15. Bb5 $6 (15. Bd5 $5 Ba6+ (15...
Bxd5 16. exd5 Rc4 17. Qb3 $14) 16. Qxa6 Qc2+ 17. Bd2 Qxb1 $36) 15... a6 $1 16.
Bd2 (16. Bd3 Rfd8) 16... axb5 17. Qxb5 Qc2 $17 18. Qxb7 $6 (18. Nf3) 18... Rfd8
19. Nf3 Qd3+ 20. Kd1 (20. Ke1 Rc2 21. Rd1 Bc3 $19) 20... Rc2 0-1

[Event "St Petersburg"]
[Site "St Petersburg"]
[Date "1997.04.18"]
[Round "2"]
[White "Aseev, Konstantin N"]
[Black "Tseitlin, Mark D"]
[Result "1/2-1/2"]
[WhiteElo "2530"]
[BlackElo "2505"]
[Annotator "Aseev,K"]
[PlyCount "49"]
[EventDate "1997.??.??"]
[EventType "tourn"]
[EventRounds "11"]
[EventCountry "RUS"]
[EventCategory "14"]
[SourceTitle "CBM 059"]
[Source "ChessBase"]
[SourceDate "1997.08.01"]
[SourceVersion "1"]
[SourceVersionDate "1997.08.01"]
[SourceQuality "1"]

1. Nf3 Nf6 2. c4 g6 3. Nc3 d5 4. cxd5 Nxd5 5. e4 Nxc3 6. bxc3 Bg7 7. Ba3 O-O 8.
d4 b6 9. Bc4 Nc6 (9... Bb7 10. Qe2 (10. O-O c5 11. Re1 Nc6 12. Bd5 e6 13. Bb3
Re8 14. e5 Rc8 15. dxc5 bxc5 16. Qe2 Qa5 17. Bb2 Red8 18. h4 c4 {Christiansen,
L-Epishin,V/New York op 1989/CBM 12/0-1 (56)}) (10. Qd3 $5 c5 11. O-O Nc6 12.
Rad1 Qc7 13. Ba6 Rfd8 14. Bxb7 Qxb7 15. d5 Na5 16. c4 e5 17. Bb2 Qe7 18. Qc3 f6
19. Nd2 Nb7 20. Qd3 Nd6 21. Nb1 a6 {1/2-1/2 Hernandez,R-Mikhalchishin,A/Havana
1982/MCD-r8}) 10... c5 11. O-O Qc7 (11... Nc6 12. Rad1 Qc7 13. Bb2 Na5 14. Bd3
e6 15. Nd2 Rfd8 16. Rc1 Qd7 17. Nf3 Rac8 18. Bb5 Bc6 19. Ba6 Bb7 20. Bb5 Qc7
21. Qe3 a6 22. Bd3 Qd7 23. Qe2 b5 24. Rfd1 {1-0 Maric,A-Chiburdanidze,M/
Shanghai ctW 1992/CBM 33 (50)}) 12. Rac1 $13 (12. Rab1 $5 $14) 12... Nc6 13.
Qe3 Na5 14. Be2 Rac8 15. d5 {Aseev,K-Yandemirov,V/RUS-Cup1 Chigorin-mem 1996/
EXP 56/0-1 (62)}) 10. O-O Na5 11. Be2 $5 $146 (11. Bd3 $14 {Kortschnoj,
V-Timman,J/Leuwarden/1976/}) 11... Bb7 12. Qd3 c5 13. Qe3 $14 cxd4 14. cxd4 Qd7
15. Rac1 Rfc8 16. h4 (16. Bb4 $14) 16... Rxc1 17. Rxc1 Rc8 18. Rxc8+ Qxc8 19.
Qf4 e6 20. Ng5 (20. Be7 Nc6 21. Bf6 Qb8 $1 (21... Bxf6 22. Qxf6 Qd8 23. Qf4 $5
$14) 22. e5 $5 Bxf6 23. Qxf6 Qd8 24. Qf4 $14 {>< f6,g7,h6 >> /\ h4-h5}) 20...
f6 $6 (20... Qe8 21. Bb2 $5 $14 (21. Bb5 $6 Bc6 $8 22. Bxc6 Nxc6 23. e5 Bh6) (
21. Qc7 h6 (21... Bxd4 22. Nxf7 $1 Bxf2+ (22... Qxf7 $2 23. Qd8+ Kg7 24. Qxd4+
Qf6 25. Qd7+ Qf7 26. Bb2+ $18) 23. Kh1 $1 $40) 22. Bb5 Bc6 $8 23. Bxc6 Nxc6 24.
Nxf7 Qxf7 25. Qxc6 Bxd4 26. Qc2 $11) (21. e5 $13)) 21. Nf3 Qd8 22. Bb4 Nc6 23.
Bc3 Qb8 24. Qe3 Qd6 25. Nd2 $138 1/2-1/2

[Event "Vojvodina op 9th"]
[Site "Novi Sad"]
[Date "2018.07.24"]
[Round "5"]
[White "Sharavdorj, Dashzeveg"]
[Black "Atalik, Suat"]
[Result "1/2-1/2"]
[WhiteElo "2403"]
[BlackElo "2509"]
[Annotator "Atalik,S"]
[PlyCount "22"]
[EventDate "2018.07.22"]
[EventType "swiss"]
[EventRounds "9"]
[EventCountry "YUG"]
[SourceTitle "CBM 186"]
[Source "ChessBase"]
[SourceDate "2018.09.14"]
[SourceVersion "1"]
[SourceVersionDate "2018.09.14"]
[SourceQuality "1"]

1. d4 Nf6 2. c4 g6 3. Nc3 d5 4. cxd5 Nxd5 5. e4 Nxc3 6. bxc3 Bg7 7. Nf3 c5 8.
Rb1 {Dazsheveg only plays the Kharkov System against the Grünfeld.} O-O 9. Be2
b6 10. O-O Bb7 11. Qd3 Ba6 (11... Ba6 12. Qe3 Qd7 $14) 1/2-1/2

[Event "Tekirdag Rodosto"]
[Site "Tekirdag"]
[Date "2016.11.05"]
[Round "4"]
[White "Atalik, Suat"]
[Black "Ftacnik, Lubomir"]
[Result "1/2-1/2"]
[WhiteElo "2550"]
[BlackElo "2560"]
[Annotator "Atalik,S"]
[PlyCount "127"]
[EventDate "2016.11.02"]
[EventType "tourn"]
[EventRounds "9"]
[EventCountry "TUR"]
[EventCategory "11"]
[SourceTitle "CBM 176"]
[Source "ChessBase"]
[SourceDate "2017.01.17"]
[SourceVersion "1"]
[SourceVersionDate "2017.01.17"]
[SourceQuality "1"]

1. d4 Nf6 2. c4 g6 3. Nc3 d5 4. cxd5 Nxd5 5. Bd2 $5 {Not a favourite of mine
according to Lubo himself.} Bg7 6. e4 Nxc3 {A modern approach by Lubo, based
upon the misplaced bishop.} 7. Bxc3 O-O 8. Qd2 c5 9. d5 e6 10. Bc4 exd5 11.
Bxd5 Nd7 12. Bxg7 $1 {Good timing for the exchange of bishops.} (12. Nf3 Nf6
13. O-O Nxd5 14. exd5 Qd6 $11) 12... Kxg7 13. Ne2 (13. Qc3+ Qf6 14. Ne2 Nb6 {
transposes to the game.}) 13... Nb6 $1 {Saving the f6-square for the queen.} (
13... Nf6 14. Nc3 $1 $14) 14. Qc3+ (14. Nc3 Qf6 15. O-O Be6 $132) 14... Qf6 15.
Bb3 Re8 (15... Qxc3+ 16. Nxc3) 16. f3 Be6 (16... Qxc3+ 17. Nxc3 Be6 18. Bxe6
Rxe6 19. O-O-O $13) 17. Kf2 Rad8 (17... Qxc3 18. Nxc3 (18. bxc3 $5) 18... Rad8
19. Rhd1 $13) 18. Rhd1 Qxc3 19. bxc3 $5 (19. Nxc3 Nc4 20. Bxc4 Bxc4 21. b3 Be6
(21... Ba6 22. Nd5 Rc8 23. a4 $1 $40) 22. Nb5 $36) 19... Kf6 20. h4 Nc4 (20...
h6 21. Nf4 g5 22. hxg5+ hxg5 23. Nxe6 ({My prepared} 23. e5+ $2 Ke7 $1 (23...
Kxe5 $2 24. Rxd8 Rxd8 25. Nxe6 fxe6 26. Re1+ Kf6 27. Rxe6+ Kg7 28. c4 $16 (28.
Re7+ Kf6 29. Rxb7 c4 {traps the bishop.})) 24. Nxe6 fxe6 {does not achieve
much.}) 23... fxe6 24. Ke3 $14) 21. Nf4 Nb2 $1 22. Rxd8 {A pair of rooks
should be disposed of,} ({because in a double rook ending White has almost no
chances:} 22. Rdb1 Nd3+ 23. Nxd3 Rxd3 24. Bxe6 Rxe6 25. Rxb7 Ra6 $11) (22. e5+
Ke7 $1 (22... Kf5 $4 23. Rxd8 Rxd8 24. Re1 $1 $18 {traps the king in the
middle of the board.})) 22... Rxd8 23. Rb1 (23. Nd5+ $6 Ke5 $1 (23... Bxd5 $6
24. Bxd5 b5 (24... Na4 25. c4 $16) 25. Rb1 Na4 26. Rxb5 Nxc3 27. Rxc5 Nxd5 28.
exd5 $16 {with an unpleasant ending for Black.}) 24. Rb1 c4 25. Rxb2 cxb3 26.
Rxb3 Bxd5 27. exd5 b6 {and it is not clear who stands better.}) 23... Nd3+ 24.
Nxd3 Rxd3 25. Bxe6 Kxe6 26. Rxb7 Rxc3 27. Rxa7 Rc2+ 28. Kg3 (28. Ke3 Rxg2 29.
a4 Ra2 $11 (29... Rh2 30. a5 Rxh4 31. a6 Rh1)) 28... h5 $1 $11 {After this
move a 4 vs 3 rook ending is unavoidable where Black already tossed in ...h5.
Lubo had bad memories of when he could not play the latter in this type of
ending against Predrag Nikolic in Pula 1997.} 29. a4 Ra2 30. a5 c4 31. Rc7 Rxa5
32. Rxc4 Ra2 33. Rc8 Kf6 34. Rg8 Re2 35. Kh3 Re3 36. Kh2 Ra3 37. Re8 Kg7 38.
Kg3 Ra2 39. e5 Re2 40. f4 Re3+ 41. Kf2 Ra3 42. Rd8 Ra2+ 43. Kf3 Ra3+ 44. Ke2
Rg3 45. Kf2 Ra3 46. Rd7 Kf8 47. Rd6 Kg7 48. f5 $5 {This should not change the
result but for sure it is a try.} Ra2+ 49. Kg3 (49. Kf3 Ra3+ 50. Kf4 Ra4+ 51.
Kg5 $140 $4 Rg4#) 49... Ra3+ 50. Kh2 gxf5 51. Rf6 Ra4 52. g3 Ra2+ 53. Kg1 Re2 (
53... Ra1+ 54. Kf2 Ra2+ 55. Kf3 Ra3+ 56. Kf4 Ra4+ 57. Kg5 (57. Kxf5 Rg4) 57...
Rg4+ 58. Kxh5 Rxg3 59. Rxf5 Re3 60. Rg5+ Kf8 $11 {is another way to finish
this game.}) 54. Rxf5 Kg6 55. Rg5+ Kh6 56. Kf1 Ra2 57. Rf5 Kg6 58. Rf6+ Kg7 59.
Rf5 (59. Rf2 Rxf2+ 60. Kxf2 Kg6 61. Kf3 Kf5 {takes the pawn back.}) 59... Kg6
60. Rg5+ Kh6 61. Kg1 Re2 62. Kf1 Ra2 63. Ke1 Rg2 64. Kf1 1/2-1/2